000 01067nam a2200301 i 4500
003 DO-SdBNP
005 20260526112454.0
007 ta
008 260518b2025 dr ab||| |||| 00| 0 spa d
020 _a9789945518849
040 _aDO-SdBNP
_bspa
_cBNPHU
_erda
041 _aspa
082 4 _a972.94
_bB715h
_222
100 1 _aBonifacio Santana, Alberto,
_eautor
_4aut.
_989642
245 1 0 _aHaití, un problema sin solución /
_cAlberto Bonifacio Santana ; corrección, Juana María Reyes
250 _aprimera edición
264 4 _aSanto Domingo :
_bPublicaciones Libertad,
_c©2025.
300 _a170 páginas :
_bilustraciones, mapas ;
_c21 cm.
336 _atexto
_btxt
_2rdacontent
337 _asin mediación
_bn
_2rdamedia
338 _avolumen
_bnc
_2rdacarrier
500 _aIncluye datos biográficos del autor en la contracubierta
590 _aInventariado, 2026/BT
651 7 _aHaití
_xHistoria
_2LEMB
_98418
700 1 _aReyes, José María,
_ecorrector
_4corr.
_989643
910 _aBtavárez/ Validado. Control de calidad MFF
942 _2ddc
_cLBS1
999 _c60771
_d60771